[Event "Norwegian Youth Ch Group D"]
[Site "Randaberg NOR"]
[Date "2001.11.24"]
[EventDate "2001.11.23"]
[Round "5"]
[Result "1-0"]
[White "Magnus Carlsen"]
[Black "Jon Ludvig Hammer"]
[WhiteElo "2072"]
[BlackElo "1390"]
[PlyCount "59"]

1. e4 e6 2. d4 d5 3. Nc3 Bb4 4. e5 c5 5. a3 Bxc3+ 6. bxc3 Qc7
7. Nf3 Ne7 8. a4 Qa5 9. Bd2 c4 10. h4 Bd7 11. h5 h6 12. Nh4
Nbc6 13. g3 O-O-O 14. Bg2 f6 15. exf6 gxf6 16. O-O e5 17. Qe2
e4 18. Rfb1 Rdg8 19. Qe3 Qc7 20. Qe1 Bg4 21. Bf4 Qd7 22. a5 a6
23. Rb6 Nf5 24. Nxf5 Qxf5 25. Rab1 Nd8 26. Qe3 Bxh5 27. Qc1
Rg7 28. Qa3 Qd7 29. Qc5+ Nc6 30. Rxb7 {Time} 1-0

[Event "Norwegian Youth Ch Group D"]
[Site "Randaberg NOR"]
[Date "2001.11.25"]
[EventDate "2001.11.23"]
[Round "6"]
[Result "0-1"]
[White "Haakon Oksnevad"]
[Black "Magnus Carlsen"]
[WhiteElo "647"]
[BlackElo "2072"]
[PlyCount "102"]

1. e4 c5 2. Nf3 Nc6 3. Bb5 g6 4. O-O Bg7 5. c3 Nf6 6. Re1 O-O
7. d4 cxd4 8. cxd4 d5 9. Bxc6 bxc6 10. e5 Ne4 11. Nbd2 Bf5
12. Nxe4 dxe4 13. Nd2 Qxd4 14. g4 e3 15. gxf5 exf2+ 16. Kf1
fxe1=Q+ 17. Qxe1 Qxe5 18. Qxe5 Bxe5 19. fxg6 hxg6 20. Nf3 Bg7
21. Rb1 Rab8 22. Ke2 Rfd8 23. Nd2 Rb4 24. Nb3 Rh4 25. Bg5
Rxh2+ 26. Kf3 Rxb2 27. Rxb2 Bxb2 28. Bxe7 Rd7 29. Bc5 Bc3
30. Ke4 a5 31. Bb6 a4 32. Nc5 Rd4+ 33. Ke3 Rb4 34. Nd7 Rb2
35. a3 Rb3 36. Nf8 Ba5+ 37. Ke4 Bxb6 38. Nd7 Bg1 39. Nf6+ Kg7
40. Ne8+ Kf8 41. Nf6 Rxa3 42. Nd7+ Ke7 43. Ne5 Re3+ 44. Kd4
Rxe5+ 45. Kc3 Rb5 46. Kd3 a3 47. Kd2 a2 48. Kd3 a1=Q 49. Kc2
Qd4 50. Kc1 Qf2 51. Kd1 Rb1# 0-1

[Event "Norwegian Youth Ch Group D"]
[Site "Randaberg NOR"]
[Date "2001.11.25"]
[EventDate "2001.11.23"]
[Round "7"]
[Result "1-0"]
[White "Magnus Carlsen"]
[Black "Sigmund Reppen"]
[WhiteElo "2072"]
[BlackElo "1071"]
[PlyCount "79"]

1. Nf3 Nf6 2. c4 e6 3. Nc3 Nc6 4. d4 d5 5. Bg5 Be7 6. e3 O-O
7. Rc1 b6 8. Bd3 Nb4 9. Be2 c5 10. dxc5 Bxc5 11. a3 Nc6
12. Bxf6 Qxf6 13. cxd5 exd5 14. Nxd5 Qd8 15. b4 Ne7 16. bxc5
Qxd5 17. Qxd5 Nxd5 18. O-O bxc5 19. Rxc5 Nf6 20. Nd4 Ne4
21. Rc7 Be6 22. Rfc1 Bd5 23. f3 Nf6 24. e4 Ba2 25. R1c2 Be6
26. Nxe6 fxe6 27. Re7 Rfe8 28. Rcc7 g6 29. Rg7+ Kh8 30. Rxa7
Rxa7 31. Rxa7 Kg8 32. Bb5 Rc8 33. a4 h5 34. a5 g5 35. a6 g4
36. Rb7 gxf3 37. gxf3 Rc1+ 38. Bf1 Ra1 39. a7 Ne8 40. Rb8 1-0

[Event "Asker SK Club Tourn Group Master"]
[Site "Asker NOR"]
[Date "2001.11.26"]
[EventDate "2001.09.03"]
[Round "4"]
[Result "0-1"]
[White "Jan Soyland"]
[Black "Magnus Carlsen"]
[WhiteElo "1558"]
[BlackElo "2072"]
[PlyCount "82"]

1. d4 Nf6 2. c4 e6 3. Bg5 Be7 4. Nc3 d5 5. e3 h6 6. Bh4 O-O
7. Nf3 Ne4 8. Bxe7 Qxe7 9. Bd3 Nxc3 10. bxc3 dxc4 11. Bxc4 c5
12. O-O Nc6 13. Qd3 Rd8 14. Bb3 b6 15. Bc2 g6 16. Qe2 Bb7
17. Rfd1 Rac8 18. c4 cxd4 19. Nxd4 Qc5 20. Nxc6 Qxc6 21. Rxd8+
Rxd8 22. f3 Ba6 23. Bb3 Qc5 24. Kf2 Rc8 25. Rd1 Bxc4 26. Bxc4
Qxc4 27. Qxc4 Rxc4 28. Rd2 Kf8 29. Ke2 Ke7 30. Kd3 Ra4 31. e4
Ra3+ 32. Kc4 Kf6 33. Kb4 Ra5 34. f4 g5 35. g3 gxf4 36. gxf4
Rh5 37. a4 Rh4 38. Rf2 e5 39. fxe5+ Ke7 40. Kb5 Rxe4 41. Rf5
Rh4 0-1

[Event "Asker SK Club Tourn Group Master"]
[Site "Asker NOR"]
[Date "2001.12.03"]
[EventDate "2001.09.03"]
[Round "9"]
[Result "1-0"]
[White "Magnus Carlsen"]
[Black "Hans Richard Thjomoe"]
[WhiteElo "2072"]
[BlackElo "1661"]
[PlyCount "61"]

1. e4 c5 2. Nf3 Nc6 3. Nc3 g6 4. d4 cxd4 5. Nxd4 Bg7 6. Be3
Nf6 7. Bc4 O-O 8. Bb3 d6 9. f3 Bd7 10. O-O Na5 11. Qd2 Nxb3
12. axb3 Re8 13. Rad1 Qa5 14. Rfe1 Bc6 15. Kh1 a6 16. Bg5 Rac8
17. Bxf6 exf6 18. Nxc6 Rxc6 19. Qd3 Qe5 20. Re2 Re6 21. Qe3
Qc5 22. Qxc5 Rxc5 23. Red2 f5 24. exf5 Rxf5 25. Rxd6 Rxd6
26. Rxd6 Be5 27. Rd5 Kg7 28. g4 Bxc3 29. gxf5 Bxb2 30. fxg6
hxg6 31. Rd6 1-0

[Event "David Loever Memorial Group A"]
[Site "Vikersund NOR"]
[Date "2001.12.29"]
[EventDate "2001.12.29"]
[Round "2"]
[Result "0-1"]
[White "Vidar Taksrud"]
[Black "Magnus Carlsen"]
[WhiteElo "1913"]
[BlackElo "2072"]
[PlyCount "120"]

1. Nf3 Nf6 2. d4 e6 3. g3 b6 4. Bg2 Bb7 5. O-O c5 6. c3 Be7
7. Re1 O-O 8. Nbd2 d5 9. Ne5 Nbd7 10. Ndf3 Nxe5 11. Nxe5 Nd7
12. Qa4 Nxe5 13. dxe5 Qc7 14. e4 Bc6 15. Qd1 dxe4 16. Bxe4
Bxe4 17. Rxe4 Rad8 18. Qe2 Qc6 19. h4 Rd1+ 20. Qxd1 Qxe4
21. Bf4 Bxh4 22. f3 Qg6 23. Kf2 Rd8 24. Qe2 Qf5 25. Rd1 Rxd1
26. Qxd1 Qxf4 27. gxh4 Qh2+ 28. Ke3 Qxe5+ 29. Kf2 Qh2+ 30. Ke3
Qxh4 31. Qd7 Qe1+ 32. Kf4 h6 33. Qe8+ Kh7 34. Qxf7 Qh4+
35. Ke3 Qe1+ 36. Kd3 Qb1+ 37. Ke3 Qxb2 38. Qxe6 Qxc3+ 39. Ke2
Qc2+ 40. Ke3 c4 41. f4 Qc1+ 42. Kf3 Qf1+ 43. Kg3 Qg1+ 44. Kf3
c3 45. Qe4+ Qg6 46. f5 Qf6 47. Ke2 h5 48. a4 h4 49. Qd3 Qe5+
50. Kd1 Qg3 51. Qe4 Kh6 52. Kc2 h3 53. Qe6+ Kg5 54. Qg6+ Kf4
55. Qd6+ Kf3 56. Qd5+ Kf2 57. Qd4+ Kg2 58. Kb3 c2+ 59. Kb2
c1=Q+ 60. Kxc1 Qe1+ 0-1

[Event "David Loever Memorial Group A"]
[Site "Vikersund NOR"]
[Date "2001.12.29"]
[EventDate "2001.12.29"]
[Round "1"]
[Result "1-0"]
[White "Tom Richard Evensen"]
[Black "Magnus Carlsen"]
[WhiteElo "1824"]
[BlackElo "2072"]
[PlyCount "73"]

1. d4 Nf6 2. Nf3 e6 3. c4 b6 4. a3 Bb7 5. Nc3 d5 6. Bg5 Be7
7. e3 O-O 8. Rc1 Ne4 9. Bxe7 Qxe7 10. Bd3 Nxc3 11. Rxc3 c5
12. dxc5 bxc5 13. Qc2 Nd7 14. Bxh7+ Kh8 15. h4 d4 16. exd4
cxd4 17. Nxd4 f5 18. Re3 Kxh7 19. Nxf5 Qf6 20. Nd6+ Kg8
21. Nxb7 Rab8 22. Rb3 Nb6 23. Nd6 Qe5+ 24. Ne4 Rfc8 25. c5 Nd7
26. Rxb8 Rxb8 27. b4 Nf6 28. f3 Nxe4 29. fxe4 Qa1+ 30. Qd1
Qc3+ 31. Qd2 Qa1+ 32. Qd1 Qc3+ 33. Kf1 Qe3 34. Rh3 Rf8+
35. Rf3 Qxa3 36. Rxf8+ Kxf8 37. Qf3+ 1-0

[Event "David Loever Memorial Group A"]
[Site "Vikersund NOR"]
[Date "2001.12.29"]
[EventDate "2001.12.29"]
[Round "3"]
[Result "0-1"]
[White "Magnus Carlsen"]
[Black "Gudmund Stenersen"]
[WhiteElo "2072"]
[BlackElo "2129"]
[PlyCount "72"]

1. Nf3 Nf6 2. c4 c5 3. Nc3 Nc6 4. d4 cxd4 5. Nxd4 d5 6. cxd5
Nxd5 7. Nxc6 bxc6 8. Bd2 e5 9. Qa4 Qd7 10. g3 Rb8 11. Qc2 Bd6
12. Bg2 O-O 13. O-O Qb7 14. Rab1 Rd8 15. Rfd1 Be6 16. Ne4 Be7
17. Nc5 Bxc5 18. Qxc5 Qa6 19. e4 Nf6 20. Qxe5 Bxa2 21. Ra1 Qe2
22. Qc3 Bb3 23. Bf3 Qd3 24. Be1 Bxd1 25. Rxd1 Qxc3 26. Rxd8+
Rxd8 27. Bxc3 Re8 28. e5 Nd5 29. Bd4 a6 30. Bg4 Rb8 31. e6 Rb4
32. e7 Nxe7 33. Bc5 Rxg4 34. Bxe7 Re4 35. Bc5 Rc4 36. Be7 Rc2
0-1

[Event "David Loever Memorial Group A"]
[Site "Vikersund NOR"]
[Date "2001.12.30"]
[EventDate "2001.12.29"]
[Round "4"]
[Result "1-0"]
[White "Nicolas Axel Mellem"]
[Black "Magnus Carlsen"]
[WhiteElo "1984"]
[BlackElo "2072"]
[PlyCount "81"]

1. e4 c5 2. Nf3 Nc6 3. d4 cxd4 4. Nxd4 Nf6 5. Nc3 d6 6. Bg5 e6
7. Be2 Be7 8. O-O a6 9. Kh1 Qa5 10. f4 h6 11. Bxf6 gxf6 12. f5
Bd7 13. fxe6 fxe6 14. Bh5+ Kd8 15. Bg4 Qe5 16. Nf3 Qc5 17. Ne2
Kc7 18. Nf4 Nd8 19. Nd4 Qe5 20. Ng6 Qxe4 21. Nxh8 Qh7 22. Qd3
f5 23. Qc3+ Nc6 24. Nxc6 Bxc6 25. Bf3 Qxh8 26. Qxh8 Rxh8
27. Bxc6 bxc6 28. c4 Rf8 29. b4 d5 30. cxd5 cxd5 31. Rab1 Rb8
32. Rf4 Bg5 33. Rf3 d4 34. Kg1 Rd8 35. Kf1 Kd6 36. a4 Bd2
37. Rd1 Bg5 38. Rxd4+ Kc6 39. Rc3+ Kb6 40. Rxd8 Bxd8 41. Re3
1-0

[Event "David Loever Memorial Group A"]
[Site "Vikersund NOR"]
[Date "2001.12.30"]
[EventDate "2001.12.29"]
[Round "5"]
[Result "1-0"]
[White "Magnus Carlsen"]
[Black "Jorn Snellingen"]
[WhiteElo "2072"]
[BlackElo "1700"]
[PlyCount "97"]

1. d4 Nf6 2. c4 g6 3. Nc3 d5 4. cxd5 Nxd5 5. e4 Nxc3 6. bxc3
Bg7 7. Be3 c5 8. Bc4 Nc6 9. Ne2 cxd4 10. cxd4 O-O 11. O-O Na5
12. Bd3 b6 13. Rc1 Bb7 14. Qd2 Qd7 15. Bh6 Rfc8 16. Bxg7 Kxg7
17. f4 Rxc1 18. Qxc1 Rc8 19. Qe1 f6 20. d5 Qa4 21. Kh1 Qxa2
22. Nd4 Nb3 23. Ne6+ Kh8 24. Qh4 Nc5 25. f5 Nxe6 26. fxe6 Ba6
27. Bxa6 Qxa6 28. Qf4 Qc4 29. h3 a5 30. Rd1 Qe2 31. Rc1 Rxc1+
32. Qxc1 Qxe4 33. Qc7 Qe1+ 34. Kh2 Qb4 35. d6 Qf4+ 36. Kg1
Qe3+ 37. Kf1 Qd3+ 38. Ke1 Qe3+ 39. Kd1 Qg1+ 40. Kc2 Qxg2+
41. Kb3 Qxh3+ 42. Ka4 Qxe6 43. dxe7 Qe4+ 44. Kb5 Qd5+ 45. Kxb6
Qb3+ 46. Ka7 Qe3+ 47. Ka8 Qe4+ 48. Qb7 Qe5 49. Qc8+ 1-0

[Event "I Open Marianske Lazne"]
[Site "Marianske Lazne CZE"]
[Date "2002.01.25"]
[EventDate "2002.01.25"]
[Round "1"]
[Result "1-0"]
[White "Magnus Carlsen"]
[Black "Vaclav Vojir Sr"]
[WhiteElo "2127"]
[BlackElo "1684"]
[PlyCount "67"]

1. e4 c6 2. d4 d5 3. exd5 cxd5 4. c4 Nf6 5. Nc3 Nc6 6. Nf3 e6
7. Bd3 g6 8. O-O Bg7 9. cxd5 Nxd5 10. Bg5 Qd7 11. Bb5 Nxc3
12. bxc3 O-O 13. Qc1 a6 14. Ne5 Qc7 15. Bxc6 bxc6 16. Bf4 Bxe5
17. dxe5 g5 18. Bg3 Qe7 19. f4 g4 20. Qd1 h5 21. h3 Rd8
22. Qe2 Qc5+ 23. Bf2 Qxc3 24. hxg4 Rd2 25. Qe1 Qc2 26. gxh5 a5
27. Rc1 Qxa2 28. Rc3 Ba6 29. Rg3+ Kh8 30. f5 Re2 31. Qc1 Qd2
32. Qxc6 Qd5 33. Qc7 Qb7 34. Qc1 1-0

[Event "I Open Marianske Lazne"]
[Site "Marianske Lazne CZE"]
[Date "2002.01.26"]
[EventDate "2002.01.25"]
[Round "2"]
[Result "1-0"]
[White "Jan Turner"]
[Black "Magnus Carlsen"]
[WhiteElo "2330"]
[BlackElo "2127"]
[PlyCount "47"]

1. b3 Nf6 2. Bb2 e6 3. Nf3 Be7 4. e3 O-O 5. d4 b6 6. Bd3 Bb7
7. Nbd2 c5 8. O-O Nc6 9. a3 Rc8 10. Qe2 h6 11. c4 d5 12. Rfd1
cxd4 13. exd4 dxc4 14. bxc4 Qc7 15. Rac1 Qf4 16. d5 exd5
17. cxd5 Nxd5 18. Rc4 Qd6 19. Rg4 Nf6 20. Rxg7+ Kxg7 21. Nh4
Qf4 22. Nf5+ Kg8 23. g3 Qg5 24. h4 1-0

[Event "I Open Marianske Lazne"]
[Site "Marianske Lazne CZE"]
[Date "2002.01.27"]
[EventDate "2002.01.25"]
[Round "3"]
[Result "1-0"]
[White "Magnus Carlsen"]
[Black "Jiri Sulc"]
[WhiteElo "2127"]
[BlackElo "1895"]
[PlyCount "45"]

1. Nf3 d5 2. c4 d4 3. b4 a5 4. b5 c5 5. e3 Bg4 6. Be2 Bxf3
7. Bxf3 Qc7 8. O-O g6 9. Na3 Bg7 10. b6 Qd7 11. Rb1 Na6
12. Nb5 Rb8 13. Qa4 Kf8 14. Qxa5 h5 15. Nc7 dxe3 16. dxe3 Qd3
17. Rb5 Be5 18. Bxb7 Rxb7 19. Nxa6 Qd6 20. f4 Bf6 21. Nxc5 Rb8
22. Qa7 Kg7 23. Nb7 1-0

[Event "I Open Marianske Lazne"]
[Site "Marianske Lazne CZE"]
[Date "2002.01.28"]
[EventDate "2002.01.25"]
[Round "4"]
[Result "0-1"]
[White "Rudolf Schoen"]
[Black "Magnus Carlsen"]
[WhiteElo "2053"]
[BlackElo "2127"]
[PlyCount "58"]

1. e4 Nf6 2. e5 Nd5 3. d4 d6 4. c4 Nb6 5. f4 Bf5 6. Nc3 e6
7. Nf3 Nc6 8. Be3 d5 9. c5 Nc8 10. Bb5 N8e7 11. Rc1 a6 12. Ba4
b5 13. cxb6 cxb6 14. O-O b5 15. Bc2 Rc8 16. Bf2 Na5 17. Qe2
Bxc2 18. Rxc2 Nc4 19. Rfc1 Nc6 20. a3 Be7 21. Nb1 Qd7 22. Nbd2
O-O 23. Qd3 N6a5 24. b4 Nxd2 25. Rxc8 Nxf3+ 26. Qxf3 Rxc8
27. Rxc8+ Qxc8 28. g4 Qc1+ 29. Kg2 Nc4 0-1

[Event "I Open Marianske Lazne"]
[Site "Marianske Lazne CZE"]
[Date "2002.01.28"]
[EventDate "2002.01.25"]
[Round "5"]
[Result "1-0"]
[White "Magnus Carlsen"]
[Black "Vladimir Vojtek"]
[WhiteElo "2127"]
[BlackElo "2277"]
[PlyCount "78"]

1. Nf3 Nf6 2. c4 e6 3. Nc3 d5 4. d4 c6 5. Bg5 dxc4 6. e4 b5
7. e5 h6 8. Bh4 g5 9. Nxg5 hxg5 10. Bxg5 Be7 11. exf6 Bxf6
12. Bxf6 Qxf6 13. g3 Bb7 14. Bg2 Na6 15. Nxb5 cxb5 16. Bxb7
Nb4 17. O-O Rd8 18. a4 Rxd4 19. Qf3 Qg6 20. Qg2 a6 21. axb5
axb5 22. Bc6+ Kf8 23. Bxb5 Qh5 24. Ra8+ Kg7 25. Rxh8 Kxh8
26. Qb7 Kg7 27. Qa7 Qd5 28. Be8 e5 29. Qe7 Nd3 30. Ra1 Qf3
31. Qg5+ Kf8 32. Qe3 Qb7 33. Qh6+ Kxe8 34. Ra8+ Kd7 35. Qf8
Nc5 36. Rd8+ Kc7 37. Rxd4 exd4 38. Qxc5+ Kb8 39. Qxd4 Qb3 1-0

[Event "I Open Marianske Lazne"]
[Site "Marianske Lazne CZE"]
[Date "2002.01.29"]
[EventDate "2002.01.25"]
[Round "6"]
[Result "1/2-1/2"]
[White "Harald Golda"]
[Black "Magnus Carlsen"]
[WhiteElo "2289"]
[BlackElo "2127"]
[PlyCount "58"]

1. c4 Nf6 2. Nf3 e6 3. d4 b6 4. g3 Bb7 5. Bg2 Bb4+ 6. Bd2 Be7
7. Nc3 Ne4 8. O-O Bf6 9. Be1 Nxc3 10. Bxc3 Be4 11. Bh3 c5
12. Rc1 Bxf3 13. exf3 Nc6 14. dxc5 bxc5 15. f4 Rb8 16. Bg2
Bxc3 17. bxc3 Qc7 18. Qa4 O-O 19. Bxc6 Qxc6 20. Qxc6 dxc6
21. Rb1 g6 22. Rfd1 Rb6 23. Rb3 Rfb8 24. Ra3 Rb1 25. Rxb1
Rxb1+ 26. Kg2 Rc1 27. h4 h5 28. Kf3 Rc2 29. Kg2 Rc1 1/2-1/2

[Event "I Open Marianske Lazne"]
[Site "Marianske Lazne CZE"]
[Date "2002.01.30"]
[EventDate "2002.01.25"]
[Round "7"]
[Result "1/2-1/2"]
[White "Magnus Carlsen"]
[Black "Olaf Heinzel"]
[WhiteElo "2127"]
[BlackElo "2378"]
[PlyCount "60"]

1. e4 d5 2. exd5 Nf6 3. c4 e6 4. Nc3 exd5 5. d4 Be7 6. Nf3 O-O
7. cxd5 Nxd5 8. Bc4 Nb6 9. Be2 Nc6 10. a3 Be6 11. O-O Na5
12. Be3 Nac4 13. Qc2 Nxe3 14. fxe3 a5 15. Rad1 c6 16. Bd3 h6
17. Bh7+ Kh8 18. Bf5 Nc4 19. Rde1 Bxf5 20. Qxf5 Qb6 21. Rf2
Qb3 22. Qc2 a4 23. e4 b5 24. Rc1 Nxb2 25. Qxb3 axb3 26. Rxb2
Bxa3 27. Rcb1 Bxb2 28. Rxb2 b4 29. Nb1 c5 30. dxc5 Rfc8
1/2-1/2

[Event "I Open Marianske Lazne"]
[Site "Marianske Lazne CZE"]
[Date "2002.01.31"]
[EventDate "2002.01.25"]
[Round "8"]
[Result "1/2-1/2"]
[White "Maxim Vladimirovich Chetverik"]
[Black "Magnus Carlsen"]
[WhiteElo "2319"]
[BlackElo "2127"]
[PlyCount "79"]

1. d4 Nf6 2. c4 e6 3. Nf3 b6 4. g3 Bb7 5. Bg2 Bb4+ 6. Bd2 Be7
7. Nc3 Ne4 8. d5 Nxd2 9. Qxd2 Bf6 10. O-O d6 11. dxe6 fxe6
12. Nd4 Bxg2 13. Kxg2 Qd7 14. f4 Bxd4 15. Qxd4 Nc6 16. Qd2 O-O
17. b3 Rae8 18. e3 Kh8 19. Rad1 Qc8 20. Kg1 Rf7 21. Qg2 Ne7
22. Rfe1 e5 23. Ne4 h6 24. Nc3 Ng8 25. Qf3 Nf6 26. Nd5 exf4
27. exf4 Nxd5 28. cxd5 Rfe7 29. Rxe7 Rxe7 30. f5 Qf8 31. g4
Qf6 32. Rd2 Kh7 33. Kg2 Re5 34. h3 Kg8 35. Qf4 Qe7 36. Qc4 Re3
37. Qd4 Re4 38. Qf2 Re3 39. Qf4 Re4 40. Qf2 1/2-1/2

[Event "I Open Marianske Lazne"]
[Site "Marianske Lazne CZE"]
[Date "2002.02.01"]
[EventDate "2002.01.25"]
[Round "9"]
[Result "1/2-1/2"]
[White "Magnus Carlsen"]
[Black "Stanislav Juricek"]
[WhiteElo "2127"]
[BlackElo "2250"]
[PlyCount "28"]

1. Nf3 Nf6 2. c4 d6 3. Nc3 g6 4. e4 e5 5. d4 Nbd7 6. Be2 Bg7
7. Be3 O-O 8. h3 c6 9. O-O exd4 10. Bxd4 Re8 11. Qc2 Nc5
12. Bd3 Nh5 13. Be3 Nxd3 14. Qxd3 f5 1/2-1/2

[Event "ASKO Club Championship"]
[Site "Oslo NOR"]
[Date "2002.04.06"]
[EventDate "2002.04.06"]
[Round "1"]
[Result "1/2-1/2"]
[White "Magnus Carlsen"]
[Black "Vegard Tollefsen"]
[WhiteElo "2163"]
[BlackElo "1699"]
[PlyCount "42"]

1. d4 Nf6 2. c4 e5 3. dxe5 Ng4 4. e4 Nxe5 5. f4 Nec6 6. Nf3
Bc5 7. Bd3 O-O 8. Qe2 a5 9. Nc3 d6 10. Be3 Na6 11. Rd1 Bg4
12. Bb1 Re8 13. O-O f6 14. Bxc5 Nxc5 15. Qf2 Bh5 16. e5 fxe5
17. Ng5 h6 18. Qh4 exf4 19. Qxh5 Qxg5 20. Qxg5 hxg5 21. Nd5
Na6 1/2-1/2

[Event "ASKO Club Championship"]
[Site "Oslo NOR"]
[Date "2002.04.06"]
[EventDate "2002.04.06"]
[Round "2"]
[Result "0-1"]
[White "Magnus Carlsen"]
[Black "Oystein Hole"]
[WhiteElo "2163"]
[BlackElo "2186"]
[PlyCount "92"]

1. c4 c6 2. e4 d5 3. exd5 cxd5 4. d4 Nf6 5. Nc3 e6 6. Nf3 Bb4
7. Bd3 dxc4 8. Bxc4 O-O 9. O-O b6 10. Bg5 Bb7 11. Qb3 Be7
12. Ne5 Nc6 13. Bxe6 Nxe5 14. dxe5 fxe6 15. Qxe6+ Kh8 16. Rad1
Nd5 17. Be3 Nc7 18. Rxd8 Nxe6 19. Rd7 Ba6 20. Rxe7 Bxf1
21. Rxe6 Bc4 22. Rc6 Rac8 23. Rd6 Rfd8 24. Bg5 Rxd6 25. exd6
Be6 26. h3 Rc4 27. Bd8 Rd4 28. Bc7 Rd2 29. Bb8 a6 30. Na4 b5
31. Nc5 Bc8 32. b4 Kg8 33. a4 bxa4 34. Nxa4 Rd4 35. Nc5 Rxb4
36. Bc7 Rd4 37. d7 Bxd7 38. Nxa6 Rc4 39. Bg3 Kf7 40. Nc7 Bc6
41. Kh2 Ke7 42. Kg1 Ra4 43. h4 Kd7 44. h5 Ra7 45. Kh2 Rxc7
46. Bxc7 Kxc7 0-1

[Event "ASKO Club Championship"]
[Site "Oslo NOR"]
[Date "2002.04.07"]
[EventDate "2002.04.06"]
[Round "4"]
[Result "1-0"]
[White "Magnus Carlsen"]
[Black "Ivar Areklett"]
[WhiteElo "2163"]
[BlackElo "2099"]
[PlyCount "73"]

1. e4 c5 2. Nf3 d6 3. d4 Nf6 4. Nc3 cxd4 5. Nxd4 a6 6. Be3 e5
7. Nb3 Be6 8. f3 Be7 9. Qd2 O-O 10. g4 b5 11. O-O-O Nbd7
12. g5 Nh5 13. h4 Nb6 14. Nd5 Bxd5 15. exd5 Rc8 16. Na5 Nxd5
17. Qxd5 Qxa5 18. Bd3 Rc7 19. Kb1 g6 20. c4 Rfc8 21. cxb5 axb5
22. Qxb5 Qxb5 23. Bxb5 Rb8 24. a4 f5 25. Rc1 Rcb7 26. Rc2 f4
27. Bf2 Kg7 28. Bc6 Rb3 29. a5 Ng3 30. Rhc1 d5 31. a6 Ba3
32. a7 Rxb2+ 33. Rxb2 Rxb2+ 34. Ka1 Rxf2 35. a8=Q Bxc1
36. Bxd5 Bb2+ 37. Kb1 1-0

[Event "ASKO Club Championship"]
[Site "Oslo NOR"]
[Date "2002.04.07"]
[EventDate "2002.04.06"]
[Round "3"]
[Result "1/2-1/2"]
[White "Alf Roger Andersen"]
[Black "Magnus Carlsen"]
[WhiteElo "2144"]
[BlackElo "2163"]
[PlyCount "101"]

1. e4 c5 2. Nf3 Nc6 3. d4 cxd4 4. Nxd4 Nf6 5. Nc3 d6 6. Bg5 e6
7. Qd2 Be7 8. O-O-O Nxd4 9. Qxd4 O-O 10. f4 Qa5 11. Bc4 Bd7
12. Bb3 Bc6 13. Kb1 Rad8 14. Rhe1 h6 15. Bh4 Qc7 16. f5 Ng4
17. Bxe7 Qxe7 18. h3 Ne5 19. Qxa7 exf5 20. exf5 Qg5 21. Nd5
Rfe8 22. f6 Ng6 23. Qa5 Bxd5 24. Qxd5 Ne5 25. fxg7 Re7 26. a3
Kxg7 27. Rf1 Qg6 28. g4 Rc7 29. Rf5 Rdd7 30. Rdf1 Re7 31. Rf6
Qxf6 32. Rxf6 Kxf6 33. Qxd6+ Kg7 34. Qd4 Rcd7 35. Qc3 Rc7
36. Qd4 Rcd7 37. Qc3 Rc7 38. Qg3 Rcd7 39. g5 hxg5 40. Qxg5+
Ng6 41. Bc4 Re5 42. Qg4 f5 43. Qf3 Kf6 44. Bd3 Rg7 45. Qf2 Rh7
46. Qb6+ Re6 47. Qd8+ Ree7 48. Qc8 Re5 49. Qd8+ Ree7 50. Qc8
Re5 51. Qd8+ 1/2-1/2

[Event "ASKO Club Championship"]
[Site "Oslo NOR"]
[Date "2002.04.20"]
[EventDate "2002.04.06"]
[Round "6"]
[Result "0-1"]
[White "Joachim Eide"]
[Black "Magnus Carlsen"]
[WhiteElo "1000"]
[BlackElo "2163"]
[PlyCount "42"]

1. d4 f5 2. c4 Nf6 3. Nf3 e6 4. e3 d5 5. cxd5 exd5 6. Be2 Bd6
7. Qc2 O-O 8. b3 Ne4 9. Bb2 Nd7 10. O-O Ndf6 11. Nbd2 c6
12. Nxe4 fxe4 13. Nd2 Bg4 14. f3 exf3 15. Bxf3 Qe7 16. Rae1
Bxf3 17. Nxf3 Ne4 18. Bc1 Rf6 19. Qd3 Raf8 20. Kh1 Rh6 21. Qe2
Ng3+ 0-1

[Event "ASKO Club Championship"]
[Site "Oslo NOR"]
[Date "2002.04.20"]
[EventDate "2002.04.06"]
[Round "5"]
[Result "1-0"]
[White "Magnus Carlsen"]
[Black "Inge Sandstad Skrondal"]
[WhiteElo "2163"]
[BlackElo "1435"]
[PlyCount "63"]

1. d4 d5 2. c4 c6 3. Nf3 Nf6 4. Nc3 e6 5. Bg5 Nbd7 6. cxd5
cxd5 7. e3 a6 8. Bd3 Be7 9. O-O b5 10. Ne5 Bb7 11. Qb1 h6
12. Bxf6 Bxf6 13. f4 Nb6 14. a4 b4 15. a5 Bxe5 16. fxe5 Nc4
17. Bxc4 dxc4 18. Ne4 Bxe4 19. Qxe4 Qd5 20. Qg4 g5 21. Rf6 c3
22. bxc3 bxc3 23. Raf1 Ra7 24. Qh5 Rf8 25. Qd1 Qxa5 26. Qb3
Ke7 27. d5 Qxd5 28. Qb4+ Ke8 29. Qb8+ Qd8 30. Qxa7 c2 31. Rxf7
c1=Q 32. Rxf8# 1-0

[Event "VII Pelaro IM-Schweizer"]
[Site "Gothenburg SWE"]
[Date "2002.06.13"]
[EventDate "2002.06.08"]
[Round "6"]
[Result "1/2-1/2"]
[White "Magnus Carlsen"]
[Black "Igors Rausis"]
[WhiteElo "2163"]
[BlackElo "2478"]
[PlyCount "56"]

1. Nf3 d5 2. c4 d4 3. g3 Nc6 4. Bg2 e5 5. d3 Bb4+ 6. Bd2 a5
7. O-O Nge7 8. Na3 O-O 9. Nc2 f6 10. a3 Bxd2 11. Nxd2 a4
12. Nb4 Bd7 13. Ne4 b6 14. b3 axb3 15. Qxb3 Na5 16. Qb2 c5
17. Nd5 Nxd5 18. cxd5 Rb8 19. a4 f5 20. Nd2 Qe8 21. Qa2 Qh5
22. Nc4 Nxc4 23. Qxc4 Rfc8 24. d6+ Kh8 25. a5 bxa5 26. Rxa5
Qg6 27. Qd5 Rb6 28. Qxe5 Rxd6 1/2-1/2

[Event "NOR Championship Group Elite"]
[Site "Roros NOR"]
[Date "2002.07.06"]
[EventDate "2002.07.06"]
[Round "1"]
[Result "0-1"]
[White "Magnus Carlsen"]
[Black "Rune Djurhuus"]
[WhiteElo "2214"]
[BlackElo "2480"]
[PlyCount "102"]

1. e4 c5 2. Nf3 d6 3. d4 cxd4 4. Nxd4 Nf6 5. Nc3 g6 6. Be3 Nc6
7. f3 Bg7 8. Qd2 O-O 9. O-O-O Bd7 10. Kb1 Rc8 11. g4 Ne5
12. Be2 Be6 13. Bh6 Bxh6 14. Qxh6 Rxc3 15. Nxe6 fxe6 16. bxc3
Qa5 17. Qd2 Rc8 18. c4 Qb6+ 19. Ka1 Nxc4 20. Bxc4 Rxc4 21. e5
Nd5 22. exd6 exd6 23. Rhe1 Qc5 24. Rxe6 Nb4 25. c3 Rxc3
26. Qf4 Qb5 27. Re8+ Qxe8 28. Qxb4 Qe5 29. Kb1 Rc6 30. Qd4
Qxh2 31. Qd5+ Kg7 32. Qd4+ Kg8 33. Qd5+ Kf8 34. Qd4 Qc2+
35. Ka1 Qc3+ 36. Qxc3 Rxc3 37. f4 Rc4 38. Rf1 Rc3 39. Rh1 Kg7
40. Re1 Kf6 41. g5+ Kf5 42. Re7 Kxf4 43. Rxb7 Kxg5 44. Rxh7 a5
45. Rb7 Rc5 46. Kb2 Kf4 47. Rf7+ Rf5 48. Rd7 g5 49. Rxd6 g4
50. Rd4+ Kf3 51. Rd3+ Ke2 0-1

[Event "NOR Championship Group Elite"]
[Site "Roros NOR"]
[Date "2002.07.08"]
[EventDate "2002.07.06"]
[Round "4"]
[Result "1-0"]
[White "Oystein Hole"]
[Black "Magnus Carlsen"]
[WhiteElo "2272"]
[BlackElo "2214"]
[PlyCount "119"]

1. Nf3 c5 2. g3 Nc6 3. Bg2 g6 4. O-O Bg7 5. d3 Nf6 6. e4 d6
7. Nbd2 O-O 8. c3 Bg4 9. h3 Bxf3 10. Nxf3 b5 11. Re1 Nd7
12. d4 Rc8 13. Be3 b4 14. Qd2 Qa5 15. Red1 Nb6 16. Bf1 bxc3
17. bxc3 Na4 18. Rac1 Rb8 19. Rc2 Rfc8 20. Kg2 cxd4 21. cxd4
Qxd2 22. Rdxd2 Nb4 23. Rxc8+ Rxc8 24. e5 Nd5 25. Rd3 Nab6
26. Ra3 Rc3 27. Rxc3 Nxc3 28. a3 Bf8 29. Bd2 Ncd5 30. Bb5 e6
31. a4 dxe5 32. dxe5 Nc7 33. Bc6 Nbd5 34. Ng5 Bb4 35. Bxb4
Nxb4 36. Bd7 Nd3 37. f4 Nc5 38. Bc6 a5 39. Ne4 Nxe4 40. Bxe4
Na6 41. Kf3 Kf8 42. Ke3 Ke7 43. Kd4 Kd7 44. Kc4 Kc7 45. Kb5
Nb4 46. Kxa5 Na2 47. Bf3 h5 48. Kb5 Nc3+ 49. Kb4 Na2+ 50. Kb3
Nc1+ 51. Kc2 Na2 52. a5 Kb8 53. Kb2 Nb4 54. Kc3 Na2+ 55. Kc4
Nc1 56. Kc5 Nd3+ 57. Kd6 h4 58. gxh4 Nxf4 59. Ke7 Nxh3
60. Kxf7 1-0

[Event "NOR Championship Group Elite"]
[Site "Roros NOR"]
[Date "2002.07.08"]
[EventDate "2002.07.06"]
[Round "3"]
[Result "1/2-1/2"]
[White "Magnus Carlsen"]
[Black "Torbjorn Ringdal Hansen"]
[WhiteElo "2214"]
[BlackElo "2280"]
[PlyCount "47"]

1. d4 Nf6 2. c4 e6 3. Nf3 Bb4+ 4. Bd2 Qe7 5. g3 Nc6 6. Nc3 d5
7. Bg2 O-O 8. O-O dxc4 9. Bg5 Bxc3 10. bxc3 e5 11. d5 Na5
12. Nd2 Bf5 13. Qa4 b6 14. d6 Qe8 15. Qa3 Rc8 16. Bxf6 gxf6
17. Ne4 Bxe4 18. Bxe4 cxd6 19. Qxd6 Qe6 20. Qd2 Rcd8 21. Qc2
h6 22. Bf5 Qc6 23. Be4 Qe6 24. Bf5 1/2-1/2